FILOSOFIA DE LA HISTORIA: EL DEBATE SOBRE EL HISTORICISMO Y OTROS PROBLEMAS MAYORES/

INCLUYE BIBLIOGRAFIA

Αποθηκεύτηκε σε:
Λεπτομέρειες βιβλιογραφικής εγγραφής
Κύριος συγγραφέας: Cruz, Manuel (autor)
Μορφή: Βιβλίο
Σειρά:(Paidós Básica ; 55)
Θέματα:
Ετικέτες: Προσθήκη ετικέτας
Δεν υπάρχουν, Καταχωρήστε ετικέτα πρώτοι!

MARC

LEADER 00000nam^a2200000^a^4500
001 000224241
005 20250521000000.0
009 20260310104044.65
020 |a 84-7509-694-8 
035 |a 043090 
037 |a Acervo Xavier Clavigero 
082 |a 901.  |b CRU 
100 |a Cruz, Manuel  |e (autor) 
245 1 0 |a FILOSOFIA DE LA HISTORIA:  |b EL DEBATE SOBRE EL HISTORICISMO Y OTROS PROBLEMAS MAYORES/  |c MANUEL CRUZ 
264 |a BARCELONA :  |b PAIDOS,  |c 1991 
300 |a 189p. 
336 |a texto  |b txt  |2 rdacontenido 
337 |a sin mediación  |b n  |2 rdamedio 
338 |a volumen  |b nc  |2 rdasoporte 
440 |a (Paidós Básica ;  |v 55) 
520 |a INCLUYE BIBLIOGRAFIA 
649 |a XX 
650 |a Historia -  |x Filosofía 
910 |a Fondo General 
920 |a Impresos - Libros 
930 |a Colección General 
905 |a 101 
901 |a 043090  |b IT1  |c ACC  |i 043090  |u 20250521 
902 |a https://opac.biblio.iteso.mx/vufind/Record/000224241